000
00321nam a2200133Ia 4500
005
20251222153539.0
008
251222s9999||||xx |||||||||||||| ||spa||
082
_a
343.65/C34
100
_a
Castillo Aragón, Jorge Isaac
245
0
_a
Contrataciones del Estado:
250
_a
7ma. ed.
264
_b
ffcaat
942
_c
LIB
999
_c
30404
_d
30404